[Event "BUL-ch U26"]
[Site "Sofia"]
[Date "2007.11.07"]
[Round "1.8"]
[White "Nikolova, Adriana"]
[Black "Petrov, Vladislav"]
[Result "1-0"]
[WhiteElo "2225"]
[BlackElo "1900"]
[PlyCount "125"]
[EventDate "2007.11.07"]
[EventType "swiss"]
[EventRounds "7"]
[EventCountry "BUL"]
[SourceTitle "CBM 121 Extra"]
[Source "ChessBase"]
[SourceDate "2008.01.10"]
[SourceVersion "1"]
[SourceVersionDate "2008.01.10"]
[SourceQuality "1"]

1. e4 e5 2. Nf3 Nf6 3. Nxe5 d6 4. Nf3 Nxe4 5. d4 Be7 6. Bd3 d5 7. 0-0 Bg4 8. h3 Be6 9. Re1 Nd6 10. Ne5 Nd7 11. c3 Nxe5 12. dxe5 Nf5 13. Nd2 Qd7 14. Nf3 h6 15. a4 g5 16. a5 Nh4 17. Nd4 Bc5 18. Nxe6 Qxe6 19. Qb3 0-0-0 20. Qc2 Kb8 21. b4 Be7 22. Qe2 h5 23. b5 g4 24. hxg4 Rdg8 25. Ra4 hxg4 26. Rf4 Qh6 27. f3 g3 28. Kf1 Ng6 29. Qe3 Bg5 30. Bxg6 Rxg6 31. Ke2 Qh2 32. Qg1 Bxf4 33. Bxf4 Rh4 34. Ke3 Re6 35. Qxh2 Rxh2 36. Bxg3 Rxg2 37. Kf4 Rg6 38. Bh4 Ra2 39. Bf6 Rxa5 40. Rh1 Rg8 41. Rh7 Rxb5 42. Rxf7 Rb6 43. Kf5 Re8 44. Rd7 Rc6 45. f4 Kc8 46. Rxd5 Rxc3 47. Kg6 Rg3+ 48. Kf7 Rgg8 49. Be7 c6 50. Rd1 b6 51. f5 Kb7 52. f6 Rc8 53. Ke6 Rg6 54. Bd8 c5 55. Ke7 Rh6 56. f7 Rh7 57. e6 Rc6 58. Rd6 c4 59. Rxc6 Kxc6 60. Ke8 Rh8+ 61. f8Q Rxf8+ 62. Kxf8 c3 63. Bg5 1-0